[Event "Hasselbacken op"]
[Site "Stockholm"]
[Date "2021.11.06"]
[Round "6"]
[White "Adler, Bo"]
[Black "Wernberg, Hugo"]
[Result "0-1"]
[WhiteElo "2137"]
[BlackElo "2268"]
[PlyCount "120"]
[EventDate "2021.11.05"]
[EventType "swiss"]
[EventRounds "8"]
[EventCountry "SWE"]
[SourceTitle "CBM 205 Extra"]
[Source "ChessBase"]
[SourceDate "2022.01.31"]
[SourceVersion "1"]
[SourceVersionDate "2022.01.31"]
[SourceQuality "1"]

1. d4 Nf6 2. c4 e6 3. Nc3 d5 4. Bg5 Be7 5. e3 0-0 6. cxd5 exd5 7. Bd3 Nbd7 8. Nge2 Re8 9. 0-0 h6 10. Bf4 Nf8 11. h3 a6 12. Rc1 Ne6 13. Be5 b6 14. Ng3 Bb7 15. Nf5 Bf8 16. Qf3 Nd7 17. Qg3 g6 18. f4 Nxe5 19. dxe5 c5 20. Nd6 Bxd6 21. exd6 Nf8 22. Rcd1 Qxd6 23. e4 c4 24. Bb1 Qc5+ 25. Kh1 dxe4 26. f5 g5 27. Rd6 Qe5 28. Qxe5 Rxe5 29. Rxb6 Re7 30. Rxh6 Rd8 31. Rb6 e3 32. f6 Rc7 33. Rf5 Ne6 34. Re5 Rd2 35. Rxe3 Bxg2+ 36. Kg1 Bb7 37. Bf5 Kf8 38. Bxe6 fxe6 39. Rexe6 Bc8 40. Re7 Rxe7 41. fxe7+ Kxe7 42. Ne4 Rd5 43. Kh2 Re5 44. Nc3 a5 45. Rc6 Be6 46. Kg3 Re3+ 47. Kf2 Rxh3 48. Rc5 Rh2+ 49. Ke3 g4 50. Rxa5 g3 51. Ra7+ Kf8 52. Kf3 g2 53. Kf2 Bh3 54. Rh7 Rh1 55. Ne2 Bg4 56. Rc7 Bxe2 57. Kxg2 Rc1 58. a4 Ra1 59. Kf2 Bd3 60. Ke3 Bf1 0-1

[Event "Vaxjo op"]
[Site "Vaxjo"]
[Date "2018.02.09"]
[Round "1"]
[White "Sandberg, Philip"]
[Black "Adler, Bo"]
[Result "1/2-1/2"]
[WhiteElo "1787"]
[BlackElo "2186"]
[PlyCount "20"]
[EventDate "2018.02.09"]
[EventType "swiss"]
[EventRounds "8"]
[EventCountry "SWE"]
[SourceTitle "CBM 182 Extra"]
[Source "ChessBase"]
[SourceDate "2018.02.23"]
[SourceVersion "1"]
[SourceVersionDate "2018.02.23"]
[SourceQuality "1"]

1. d4 d5 2. c4 e6 3. cxd5 exd5 4. Nc3 Bb4 5. Nf3 Nc6 6. Bg5 Nf6 7. e3 h6 8. Bh4 g5 9. Bg3 Ne4 10. Qb3 h5 1/2-1/2

[Event "Hasselbacken op"]
[Site "Stockholm"]
[Date "2017.11.03"]
[Round "3"]
[White "Adler, Bo"]
[Black "Lindgren, Philip"]
[Result "0-1"]
[WhiteElo "2166"]
[BlackElo "2382"]
[PlyCount "28"]
[EventDate "2017.11.03"]
[EventType "swiss"]
[EventRounds "8"]
[EventCountry "SWE"]
[SourceTitle "CBM 181 Extra"]
[Source "ChessBase"]
[SourceDate "2017.12.12"]
[SourceVersion "1"]
[SourceVersionDate "2017.12.12"]
[SourceQuality "1"]

1. e4 e5 2. Nf3 Nc6 3. Bc4 Bc5 4. c3 Nf6 5. d4 exd4 6. cxd4 Bb4+ 7. Kf1 d5 8. exd5 Nxd5 9. Nc3 Be6 10. Bg5 Nxc3 11. Qe1 Nd5 12. Bxd8 Bxe1 13. Bxd5 Bxd5 14. Bxc7 Bb4 0-1

[Event "Vaxjo op"]
[Site "Vaxjo"]
[Date "2017.02.11"]
[Round "6"]
[White "Tegler, Erik"]
[Black "Adler, Bo"]
[Result "1-0"]
[WhiteElo "1963"]
[BlackElo "2169"]
[PlyCount "69"]
[EventDate "2017.02.10"]
[EventType "swiss"]
[EventRounds "8"]
[EventCountry "SWE"]
[SourceTitle "CBM 176 Extra"]
[Source "ChessBase"]
[SourceDate "2017.03.02"]
[SourceVersion "1"]
[SourceVersionDate "2017.03.02"]
[SourceQuality "1"]

1. e4 e5 2. Nf3 Nc6 3. Bb5 a6 4. Ba4 d6 5. d3 b5 6. Bb3 Na5 7. 0-0 Nxb3 8. axb3 f5 9. Nc3 fxe4 10. dxe4 Bg4 11. h3 Bd7 12. Nxe5 dxe5 13. Qh5+ Ke7 14. Qxe5+ Kf7 15. Qd5+ Be6 16. Qxd8 Rxd8 17. Rxa6 Nf6 18. e5 Nd5 19. Nxb5 Bc5 20. Bd2 Bd7 21. Na3 Ra8 22. Rxa8 Rxa8 23. Nc4 Ra2 24. Kh2 Bb5 25. f4 Nb6 26. f5 Bxc4 27. bxc4 Rxb2 28. e6+ Kg8 29. Bf4 Rxc2 30. Rd1 Be7 31. Bxc7 Nxc4 32. Ra1 Bd6+ 33. Kh1 Kf8 34. Ra8+ Ke7 35. Bd8+ 1-0

[Event "Vasteras op"]
[Site "Vasteras"]
[Date "2016.09.23"]
[Round "4"]
[White "Hauge, Lars Oskar"]
[Black "Adler, Bo"]
[Result "1-0"]
[WhiteElo "2385"]
[BlackElo "2180"]
[PlyCount "51"]
[EventDate "2016.09.23"]
[EventType "swiss"]
[EventRounds "8"]
[EventCountry "SWE"]
[SourceTitle "CBM 174 Extra"]
[Source "ChessBase"]
[SourceDate "2016.10.10"]
[SourceVersion "1"]
[SourceVersionDate "2016.10.10"]
[SourceQuality "1"]

1. e4 e5 2. Nf3 Nc6 3. Bc4 Nf6 4. d3 Bc5 5. 0-0 d6 6. c3 0-0 7. Bb3 Be6 8. Re1 Bb6 9. Nbd2 Bxb3 10. axb3 Ng4 11. d4 f5 12. exf5 Rxf5 13. h3 Nxf2 14. Kxf2 exd4 15. Nc4 Qh4+ 16. Kf1 Raf8 17. Qd3 Rxf3+ 18. gxf3 dxc3 19. Nxb6 Qxh3+ 20. Ke2 Nd4+ 21. Kd1 c2+ 22. Kd2 Nxf3+ 23. Kc3 axb6 24. Re3 Qg4 25. Qc4+ Qxc4+ 26. bxc4 1-0

[Event "Hasselbacken op"]
[Site "Stockholm"]
[Date "2016.05.08"]
[Round "9"]
[White "Adler, Bo"]
[Black "Bergstrom, Rolf"]
[Result "1/2-1/2"]
[WhiteElo "2162"]
[BlackElo "2298"]
[PlyCount "127"]
[EventDate "2016.04.30"]
[EventType "swiss"]
[EventRounds "9"]
[EventCountry "SWE"]
[SourceTitle "CBM 172 Extra"]
[Source "ChessBase"]
[SourceDate "2016.06.21"]
[SourceVersion "1"]
[SourceVersionDate "2016.06.21"]
[SourceQuality "1"]

1. e4 c5 2. Be2 e6 3. d3 Nc6 4. f4 d5 5. Nd2 g6 6. Ngf3 Bg7 7. 0-0 Nge7 8. c3 b6 9. Qe1 Ba6 10. Qh4 dxe4 11. Nxe4 Nf5 12. Qf2 h5 13. Be3 Qe7 14. a3 Rd8 15. Rfd1 0-0 16. b4 Nxe3 17. Qxe3 f5 18. Neg5 Bxc3 19. Rac1 Bd4 20. Nxd4 Nxd4 21. bxc5 bxc5 22. Bf3 Qd6 23. Re1 Rfe8 24. Qe5 Nb3 25. Rc3 Qxe5 26. Rxe5 Rxd3 27. Rxd3 Bxd3 28. Bd5 Nd4 29. Bxe6+ Nxe6 30. Nxe6 c4 31. Kf2 c3 32. Nc5 Rxe5 33. fxe5 Be4 34. Ke3 h4 35. g3 h3 36. Na4 c2 37. Kd2 Kf7 38. Nc5 Ke7 39. Kc1 g5 40. Kd2 g4 41. Kc1 Bd5 42. Nd3 Ke6 43. Nf4+ Kxe5 44. Kxc2 Kd4 45. Ne2+ Ke3 46. Nf4 Kd4 47. Ne2+ Kc4 48. Nf4 Bc6 49. Ne2 Ba4+ 50. Kb2 Kd3 51. Nf4+ Kd2 52. Nd5 Bc2 53. Nf4 Bd3 54. Nd5 Bb5 55. Nf4 Ba6 56. Nd5 Bb7 57. Nf4 Bf3 58. Ne6 Ke3 59. Kc3 Kf2 60. Kd2 Be2 61. Nf4 Bc4 62. Ng6 Kg1 63. Ke1 Kxh2 64. Kf2 1/2-1/2

[Event "Hasselbacken op"]
[Site "Stockholm"]
[Date "2016.05.01"]
[Round "2"]
[White "Van Foreest, Jorden"]
[Black "Adler, Bo"]
[Result "1-0"]
[WhiteElo "2551"]
[BlackElo "2162"]
[PlyCount "55"]
[EventDate "2016.04.30"]
[EventType "swiss"]
[EventRounds "9"]
[EventCountry "SWE"]
[SourceTitle "CBM 172 Extra"]
[Source "ChessBase"]
[SourceDate "2016.06.21"]
[SourceVersion "1"]
[SourceVersionDate "2016.06.21"]
[SourceQuality "1"]

1. e4 e5 2. Nf3 Nc6 3. Bb5 a6 4. Ba4 d6 5. 0-0 Bd7 6. d4 b5 7. Bb3 Nxd4 8. Nxd4 exd4 9. c3 dxc3 10. Qh5 g6 11. Qd5 Be6 12. Qc6+ Bd7 13. Qxc3 Nf6 14. Re1 Bg7 15. e5 dxe5 16. Qxe5+ Kf8 17. Qc5+ Kg8 18. Nc3 Bf8 19. Qd4 h6 20. Be3 c5 21. Qf4 c4 22. Bc2 Bg7 23. Rad1 Qb8 24. Qd4 Kh7 25. Bxh6 Qxh2+ 26. Kxh2 Ng4+ 27. Kg3 Bxd4 28. Rxd4 1-0

[Event "Norrkoeping Easter op"]
[Site "Norrkoeping"]
[Date "2016.03.26"]
[Round "5"]
[White "Adler, Bo"]
[Black "Semcesen, Daniel"]
[Result "0-1"]
[WhiteElo "2129"]
[BlackElo "2442"]
[PlyCount "60"]
[EventDate "2016.03.25"]
[EventType "swiss"]
[EventRounds "8"]
[EventCountry "SWE"]
[SourceTitle "CBM 171 Extra"]
[Source "ChessBase"]
[SourceDate "2016.04.26"]
[SourceVersion "1"]
[SourceVersionDate "2016.04.26"]
[SourceQuality "1"]

1. b3 d6 2. Bb2 Nd7 3. e3 Ngf6 4. c4 g6 5. Nc3 Bg7 6. Nf3 0-0 7. Qc2 Re8 8. Be2 e5 9. 0-0 Nf8 10. d4 e4 11. Nd2 Bf5 12. d5 h5 13. Nb5 N8h7 14. Nd4 Bg4 15. Bxg4 hxg4 16. Ne2 Ng5 17. Ng3 Qe7 18. Rae1 Nd7 19. Bxg7 Kxg7 20. f4 exf3 21. gxf3 Ne5 22. fxg4 Rh8 23. Nge4 Rh3 24. Nxg5 Qxg5 25. Qe4 Nxg4 26. Nf3 Rxf3 27. Qxf3 Nxe3+ 28. Kh1 Nxf1 29. Rxf1 Qe7 30. Kg2 Re8 0-1

[Event "Rilton Cup 45th"]
[Site "Stockholm"]
[Date "2016.01.05"]
[Round "9"]
[White "Adler, Bo"]
[Black "Thompson, Ian D"]
[Result "0-1"]
[WhiteElo "2174"]
[BlackElo "2187"]
[PlyCount "62"]
[EventDate "2015.12.27"]
[EventType "swiss"]
[EventRounds "9"]
[EventCountry "SWE"]
[SourceTitle "EXT 2017"]
[Source "ChessBase"]
[SourceDate "2016.10.25"]
[SourceVersion "1"]
[SourceVersionDate "2016.10.25"]
[SourceQuality "1"]

1. d4 d5 2. c4 c6 3. Nc3 Nf6 4. Nf3 e6 5. Bg5 h6 6. Bxf6 Qxf6 7. e3 Nd7 8. Rc1 g6 9. Be2 dxc4 10. Bxc4 Bg7 11. 0-0 Qe7 12. Qe2 0-0 13. Rfd1 Kh7 14. e4 e5 15. d5 f5 16. dxc6 bxc6 17. Ba6 Nb6 18. Bxc8 Raxc8 19. a4 Qb4 20. exf5 gxf5 21. a5 Qxa5 22. Ra1 Qc5 23. Rxa7 Kg8 24. Nh4 Nd5 25. Rxg7+ Kxg7 26. Qxe5+ Kh7 27. Nxf5 Rf7 28. Qe6 Qf8 29. Nd6 Nxc3 30. bxc3 Rd8 31. c4 Re7 0-1

[Event "Rilton Cup 45th"]
[Site "Stockholm"]
[Date "2015.12.29"]
[Round "3"]
[White "Adler, Bo"]
[Black "Tari, Aryan"]
[Result "0-1"]
[WhiteElo "2174"]
[BlackElo "2556"]
[PlyCount "68"]
[EventDate "2015.12.27"]
[EventType "swiss"]
[EventRounds "9"]
[EventCountry "SWE"]
[SourceTitle "CBM 170 Extra"]
[Source "ChessBase"]
[SourceDate "2016.02.25"]
[SourceVersion "1"]
[SourceVersionDate "2016.02.25"]
[SourceQuality "1"]

1. b3 e5 2. Bb2 Nc6 3. e3 d5 4. Bb5 Bd6 5. Nf3 f6 6. c4 a6 7. Bxc6+ bxc6 8. Qc2 Be6 9. 0-0 Qd7 10. d3 Nh6 11. Nc3 0-0 12. cxd5 cxd5 13. e4 d4 14. Na4 Qb5 15. Rac1 Bg4 16. Ne1 f5 17. f3 Bh5 18. Qd1 Rf7 19. Nc2 Raf8 20. Na3 Qd7 21. Qd2 Qe7 22. Nc4 Bb4 23. Qe2 fxe4 24. dxe4 Qg5 25. Kh1 Rf4 26. Rc2 Rh4 27. Bc1 Qg3 28. h3 d3 29. Qxd3 Ng4 30. fxg4 Qxd3 31. Rxf8+ Bxf8 32. Rc3 Qf1+ 33. Kh2 Bxg4 34. Nxe5 Bd6 0-1

[Event "Norrkoeping Easter op"]
[Site "Norrkoeping"]
[Date "2015.04.05"]
[Round "6"]
[White "Adler, Bo"]
[Black "Westerberg, Jonathan"]
[Result "0-1"]
[WhiteElo "2221"]
[BlackElo "2432"]
[PlyCount "53"]
[EventDate "2015.04.03"]
[EventType "swiss"]
[EventRounds "8"]
[EventCountry "SWE"]
[SourceTitle "CBM 165 Extra"]
[Source "ChessBase"]
[SourceDate "2015.04.21"]
[SourceVersion "1"]
[SourceVersionDate "2015.04.21"]
[SourceQuality "1"]

1. e4 c5 2. Nc3 e6 3. f4 d5 4. Bb5+ Bd7 5. Bxd7+ Qxd7 6. Nf3 dxe4 7. Nxe4 Nc6 8. d3 Be7 9. 0-0 Nh6 10. Be3 b6 11. Ne5 Qc7 12. Qf3 Rc8 13. g4 Nb4 14. Rf2 0-0 15. Qg3 f6 16. Nf3 f5 17. gxf5 exf5 18. Neg5 Qd6 19. Ne5 Rfe8 20. Rg2 Bf8 21. Kh1 Nc6 22. Rag1 Nxe5 23. fxe5 Qxe5 24. Bf4 Qf6 25. Bd2 Qc6 26. Qh4 Re2 27. Bc3 0-1

[Event "Rilton Cup 44th"]
[Site "Stockholm"]
[Date "2014.12.30"]
[Round "4"]
[White "Adler, Bo"]
[Black "Larsson, Anders"]
[Result "1-0"]
[WhiteElo "2210"]
[BlackElo "2304"]
[PlyCount "33"]
[EventDate "2014.12.27"]
[EventType "swiss"]
[EventRounds "9"]
[EventCountry "SWE"]
[SourceTitle "CBM 164 Extra"]
[Source "ChessBase"]
[SourceDate "2015.03.02"]
[SourceVersion "1"]
[SourceVersionDate "2015.03.02"]
[SourceQuality "1"]

1. d4 d6 2. e4 g6 3. Nc3 Bg7 4. Bc4 c6 5. Qf3 e6 6. Nge2 Nf6 7. 0-0 Nbd7 8. Be3 0-0 9. Bb3 Qe7 10. Qh3 e5 11. Qh4 exd4 12. Nxd4 Nc5 13. Bg5 Re8 14. Rae1 Nxb3 15. axb3 Qe5 16. Nf3 Qe6 17. e5 1-0

[Event "Rilton Cup 44th"]
[Site "Stockholm"]
[Date "2014.12.29"]
[Round "3"]
[White "Bellon Lopez, Juan Manuel"]
[Black "Adler, Bo"]
[Result "1-0"]
[WhiteElo "2381"]
[BlackElo "2210"]
[PlyCount "109"]
[EventDate "2014.12.27"]
[EventType "swiss"]
[EventRounds "9"]
[EventCountry "SWE"]
[SourceTitle "CBM 164 Extra"]
[Source "ChessBase"]
[SourceDate "2015.03.02"]
[SourceVersion "1"]
[SourceVersionDate "2015.03.02"]
[SourceQuality "1"]

1. d4 d5 2. Bg5 c5 3. dxc5 f6 4. Bh4 e5 5. e4 Bxc5 6. Qxd5 Qxd5 7. exd5 Ne7 8. Bb5+ Kf7 9. Nc3 a6 10. Ba4 Nf5 11. Bg3 h5 12. h4 Rd8 13. Bb3 Bb4 14. 0-0-0 Bxc3 15. bxc3 Kf8 16. Ne2 Nd7 17. f4 e4 18. Bf2 e3 19. Ng3 exf2 20. Nxf5 Nc5 21. Ng3 Bg4 22. Rd2 Re8 23. Kb2 Re3 24. Nf1 Re1 25. Rxf2 Ne4 26. Nd2 Rxh1 27. Nxe4 Ke7 28. f5 b6 29. d6+ Kd7 30. Be6+ Kc6 31. c4 Rd1 32. Nc3 Rxd6 33. Bd5+ Rxd5 34. cxd5+ Kd6 35. Rf4 Re8 36. Rc4 Bxf5 37. Rc6+ Ke5 38. Rxb6 g5 39. g3 Kd4 40. Rxf6 Rb8+ 41. Kc1 Bh7 42. Rc6 gxh4 43. gxh4 Rg8 44. d6 Bf5 45. Ne2+ Ke3 46. Rc5 Be4 47. Ng3 Bf3 48. Nf5+ Kf4 49. Nd4 Bg4 50. Ra5 Ke4 51. Nb3 Be2 52. d7 Rg1+ 53. Kb2 Rd1 54. Nc5+ Kf3 55. Nd3 1-0

[Event "Rilton Cup 43rd"]
[Site "Stockholm"]
[Date "2014.01.03"]
[Round "7"]
[White "Adler, Bo"]
[Black "Marzano, Carlo"]
[Result "0-1"]
[WhiteElo "2168"]
[BlackElo "2166"]
[PlyCount "90"]
[EventDate "2013.12.27"]
[EventType "swiss"]
[EventRounds "9"]
[EventCountry "SWE"]
[SourceTitle "CBM 158 Extra"]
[Source "ChessBase"]
[SourceDate "2014.02.28"]
[SourceVersion "1"]
[SourceVersionDate "2014.02.28"]
[SourceQuality "1"]

1. d4 Nf6 2. c4 Nc6 3. d5 Ne5 4. e4 e6 5. f4 Ng6 6. Bd3 exd5 7. cxd5 Bb4+ 8. Nc3 Qe7 9. Qe2 0-0 10. Nf3 Re8 11. 0-0 Bxc3 12. bxc3 Nxd5 13. Nd4 Nxc3 14. Qh5 Nxe4 15. Re1 Qd6 16. Bb2 Nxf4 17. Qf3 Nxd3 18. Nf5 Qf4 19. Nxg7 Qxf3 20. gxf3 Nxe1 21. Rxe1 Re6 22. Nxe6 dxe6 23. Rxe4 Bd7 24. Bf6 h5 25. Kf2 Kh7 26. Be5 c5 27. Rf4 f5 28. Kg3 Kg6 29. Rc4 b6 30. Rc3 Bc6 31. Kf4 Rg8 32. Ra3 Ra8 33. Bd6 Kf6 34. Be5+ Kf7 35. Bd6 a6 36. Ke5 c4 37. f4 Bd5 38. Rh3 Rh8 39. Kd4 h4 40. a3 Bg2 41. Rc3 Bf1 42. Rc1 Rd8 43. Ke5 Bd3 44. a4 Rd7 45. Rg1 c3 0-1

[Event "Rilton Cup 43rd"]
[Site "Stockholm"]
[Date "2014.01.02"]
[Round "6"]
[White "Adler, Bo"]
[Black "Jogstad, Martin"]
[Result "0-1"]
[WhiteElo "2168"]
[BlackElo "1941"]
[PlyCount "64"]
[EventDate "2013.12.27"]
[EventType "swiss"]
[EventRounds "9"]
[EventCountry "SWE"]
[SourceTitle "CBM 158 Extra"]
[Source "ChessBase"]
[SourceDate "2014.02.28"]
[SourceVersion "1"]
[SourceVersionDate "2014.02.28"]
[SourceQuality "1"]

1. d4 d5 2. c4 c6 3. Nc3 Nf6 4. Nf3 e6 5. Bg5 Nbd7 6. cxd5 exd5 7. e3 Be7 8. Qc2 0-0 9. Bd3 Re8 10. 0-0 h6 11. Bh4 Ne4 12. Bg3 Nxg3 13. fxg3 Nf6 14. Ne5 Be6 15. Ne2 Bd6 16. Bf5 Bxf5 17. Rxf5 Bxe5 18. dxe5 Ng4 19. Qc3 g6 20. Rf4 Nxe5 21. Raf1 Qc7 22. e4 Rad8 23. h3 dxe4 24. Rxe4 Rd5 25. Kh1 Rd3 26. Qc1 Kg7 27. Nf4 Rxg3 28. Qe1 Rg5 29. Qc3 h5 30. Rfe1 f6 31. Nd3 Rg3 32. Qd4 Rd8 0-1

[Event "Rilton Cup 42nd"]
[Site "Stockholm"]
[Date "2012.12.29"]
[Round "3"]
[White "Cederstam Barsk, Carl"]
[Black "Adler, Bo"]
[Result "1-0"]
[WhiteElo "2229"]
[BlackElo "2169"]
[PlyCount "67"]
[EventDate "2012.12.27"]
[EventType "swiss"]
[EventRounds "9"]
[EventCountry "SWE"]
[SourceTitle "CBM 152 Extra"]
[Source "ChessBase"]
[SourceDate "2013.02.25"]
[SourceVersion "1"]
[SourceVersionDate "2013.02.25"]
[SourceQuality "1"]

1. d4 Nf6 2. c4 e6 3. Nc3 Bb4 4. Qc2 Nc6 5. Nf3 d5 6. cxd5 exd5 7. Bg5 h6 8. Bh4 g5 9. Bg3 Ne4 10. e3 h5 11. Ne5 h4 12. Nxc6 bxc6 13. f3 Nxc3 14. bxc3 hxg3 15. cxb4 Qd6 16. Bd3 Qxb4+ 17. Ke2 Rxh2 18. Rxh2 gxh2 19. Rh1 Qd6 20. Kf2 Rb8 21. Be2 Ke7 22. g3 Bd7 23. Rxh2 Qa3 24. Rh7 Rb2 25. Qg6 Be6 26. Qxg5+ Kd7 27. Rh8 Qe7 28. Qg8 Rxa2 29. Qc8+ Kd6 30. Qb8 Ra3 31. Re8 Qg5 32. f4 Qh6 33. Qd8+ Bd7 34. Qe7# 1-0

[Event "Rilton Cup 42nd"]
[Site "Stockholm"]
[Date "2012.12.27"]
[Round "1"]
[White "Adler, Bo"]
[Black "Lindberg, Bengt"]
[Result "0-1"]
[WhiteElo "2169"]
[BlackElo "2432"]
[PlyCount "56"]
[EventDate "2012.12.27"]
[EventType "swiss"]
[EventRounds "9"]
[EventCountry "SWE"]
[SourceTitle "CBM 152 Extra"]
[Source "ChessBase"]
[SourceDate "2013.02.25"]
[SourceVersion "1"]
[SourceVersionDate "2013.02.25"]
[SourceQuality "1"]

1. d4 Nf6 2. c4 e6 3. Nc3 Bb4 4. a3 Bxc3+ 5. bxc3 c5 6. e3 Nc6 7. Bd3 0-0 8. Ne2 b6 9. Ng3 Ba6 10. e4 Ne8 11. 0-0 f6 12. Be3 Nd6 13. e5 Nxc4 14. exf6 Nxe3 15. fxe3 Bxd3 16. f7+ Kh8 17. Qxd3 cxd4 18. exd4 Qe7 19. Qf3 Rac8 20. Rae1 Nd8 21. Qg4 Rxf7 22. Rxf7 Nxf7 23. Qf3 Nd6 24. d5 e5 25. Ne4 Nxe4 26. Qxe4 Qc5+ 27. Re3 d6 28. h3 Kg8 0-1

[Event "Stockholm op"]
[Site "Stockholm"]
[Date "2012.07.04"]
[Round "9"]
[White "Adler, Bo"]
[Black "Johansson, Gunnar"]
[Result "1/2-1/2"]
[WhiteElo "2137"]
[BlackElo "2224"]
[PlyCount "64"]
[EventDate "2012.06.28"]
[EventType "swiss"]
[EventRounds "9"]
[EventCountry "SWE"]
[SourceTitle "CBM 149 Extra"]
[Source "ChessBase"]
[SourceDate "2012.08.24"]
[SourceVersion "1"]
[SourceVersionDate "2012.08.24"]
[SourceQuality "1"]

1. d4 d5 2. c4 c6 3. Nc3 Nf6 4. Nf3 e6 5. e3 Nbd7 6. Qc2 b6 7. Bd3 Bb7 8. 0-0 dxc4 9. Bxc4 c5 10. e4 cxd4 11. Nxd4 Rc8 12. Qe2 Qc7 13. Ba6 Bxa6 14. Qxa6 Nc5 15. Qe2 Be7 16. Bg5 h6 17. Bh4 Qb7 18. e5 Nd5 19. Qb5+ Kf8 20. Bxe7+ Nxe7 21. b4 Nd7 22. Ne4 Qxe4 23. Qxd7 Qd5 24. Qxd5 Nxd5 25. b5 Ke8 26. a4 Rc4 27. Rfd1 Nc3 28. Rac1 Rxd4 29. Rxd4 Ne2+ 30. Kf1 Nxc1 31. Rc4 Kd7 32. Rxc1 Rc8 1/2-1/2

[Event "Stockholm op"]
[Site "Stockholm"]
[Date "2012.07.03"]
[Round "8"]
[White "Bergstrom, Rolf"]
[Black "Adler, Bo"]
[Result "1-0"]
[WhiteElo "2277"]
[BlackElo "2137"]
[PlyCount "59"]
[EventDate "2012.06.28"]
[EventType "swiss"]
[EventRounds "9"]
[EventCountry "SWE"]
[SourceTitle "CBM 149 Extra"]
[Source "ChessBase"]
[SourceDate "2012.08.24"]
[SourceVersion "1"]
[SourceVersionDate "2012.08.24"]
[SourceQuality "1"]

1. e4 e5 2. Nc3 Nc6 3. Nf3 Bb4 4. Nd5 Nf6 5. Nxb4 Nxb4 6. d4 Nxe4 7. c3 Nc6 8. Bd3 d5 9. Nxe5 Nxe5 10. dxe5 Nc5 11. Bc2 Be6 12. 0-0 Qd7 13. Qd4 b6 14. b4 Nb7 15. f4 c5 16. bxc5 bxc5 17. Qd1 Bg4 18. Qd3 g6 19. Qa6 0-0 20. Rb1 Nd8 21. f5 Qc6 22. Qa3 Bxf5 23. Bxf5 gxf5 24. Rxf5 f6 25. Bh6 Rf7 26. c4 Ne6 27. exf6 Rd8 28. cxd5 Rxd5 29. Qg3+ Kh8 30. Rb8+ 1-0

[Event "Stockholm op"]
[Site "Stockholm"]
[Date "2012.07.01"]
[Round "5"]
[White "Adler, Bo"]
[Black "Johansson, Linus"]
[Result "1/2-1/2"]
[WhiteElo "2137"]
[BlackElo "2291"]
[PlyCount "58"]
[EventDate "2012.06.28"]
[EventType "swiss"]
[EventRounds "9"]
[EventCountry "SWE"]
[SourceTitle "CBM 149 Extra"]
[Source "ChessBase"]
[SourceDate "2012.08.24"]
[SourceVersion "1"]
[SourceVersionDate "2012.08.24"]
[SourceQuality "1"]

1. d4 Nf6 2. c4 e6 3. Nc3 Bb4 4. Bg5 c5 5. d5 Bxc3+ 6. bxc3 d6 7. e3 Qe7 8. Bd3 e5 9. Ne2 h6 10. Bxf6 Qxf6 11. Ng3 Nd7 12. Nh5 Qg5 13. h4 Qe7 14. Nxg7+ Kd8 15. Nf5 Qf6 16. Ng3 Kc7 17. Qc2 Nf8 18. 0-0-0 Ng6 19. Nh5 Qe7 20. Bxg6 fxg6 21. Qxg6 Bd7 22. Ng3 Raf8 23. Qc2 Rhg8 24. e4 h5 25. Rdg1 Qf6 26. Rf1 Rxg3 27. fxg3 Qxf1+ 28. Rxf1 Rxf1+ 29. Kb2 Rf7 1/2-1/2

[Event "Stockholm op"]
[Site "Stockholm"]
[Date "2012.06.29"]
[Round "2"]
[White "Adler, Bo"]
[Black "Olofsson Dolk, Mattis"]
[Result "1-0"]
[WhiteElo "2137"]
[BlackElo "2002"]
[PlyCount "105"]
[EventDate "2012.06.28"]
[EventType "swiss"]
[EventRounds "9"]
[EventCountry "SWE"]
[SourceTitle "CBM 149 Extra"]
[Source "ChessBase"]
[SourceDate "2012.08.24"]
[SourceVersion "1"]
[SourceVersionDate "2012.08.24"]
[SourceQuality "1"]

1. d4 Nf6 2. c4 g6 3. Nc3 d5 4. Nf3 Bg7 5. Bg5 Ne4 6. cxd5 Nxg5 7. Nxg5 0-0 8. Nf3 c6 9. dxc6 Nxc6 10. e3 e5 11. d5 e4 12. dxc6 exf3 13. Qxd8 Rxd8 14. gxf3 bxc6 15. Rc1 Be6 16. b3 a5 17. Bg2 Rd3 18. Na4 Rad8 19. 0-0 Rd2 20. Nc5 Bc8 21. f4 Bb2 22. Rc4 Rd1 23. Bf3 Rxf1+ 24. Kxf1 Ba3 25. Bxc6 Rd2 26. Kg2 Bxc5 27. Rxc5 Rxa2 28. b4 Be6 29. bxa5 Kg7 30. Bb7 h5 31. a6 Ra3 32. h4 Bg4 33. Kg3 Be6 34. Kf3 Ra4 35. Ke2 Kf6 36. Rc7 Bf5 37. Kd2 Ra2+ 38. Kc1 Be6 39. Rc2 Ra4 40. Kd2 Kf5 41. f3 Ra5 42. Rc7 Kf6 43. Kc3 Ra4 44. e4 Kg7 45. Rc6 Kf8 46. Rd6 Ke7 47. Rd4 Ra1 48. Kb4 Bd7 49. Kc5 Kd8 50. Kb6 Rb1+ 51. Ka7 Kc7 52. Rxd7+ Kxd7 53. Kb8 1-0

[Event "Stockholm op"]
[Site "Stockholm"]
[Date "2012.06.28"]
[Round "1"]
[White "Cramling, Dan"]
[Black "Adler, Bo"]
[Result "1-0"]
[WhiteElo "2356"]
[BlackElo "2137"]
[PlyCount "127"]
[EventDate "2012.06.28"]
[EventType "swiss"]
[EventRounds "9"]
[EventCountry "SWE"]
[SourceTitle "CBM 149 Extra"]
[Source "ChessBase"]
[SourceDate "2012.08.24"]
[SourceVersion "1"]
[SourceVersionDate "2012.08.24"]
[SourceQuality "1"]

1. d4 d5 2. Nf3 Nf6 3. c4 dxc4 4. e3 Bg4 5. Bxc4 e6 6. h3 Bh5 7. Nc3 a6 8. g4 Bg6 9. Ne5 Nfd7 10. Nxg6 hxg6 11. Bf1 c5 12. Bg2 Nc6 13. 0-0 Nf6 14. dxc5 Qc7 15. Na4 Rd8 16. Qe2 Qa5 17. b3 Bxc5 18. Nxc5 Qxc5 19. Bb2 0-0 20. Rfc1 Qa5 21. Bc3 Qg5 22. Bxc6 bxc6 23. Bb4 Rfe8 24. Rxc6 a5 25. Rc5 Rd5 26. Rxd5 Qxd5 27. Rd1 Qe5 28. Bd6 Qc3 29. Qd2 Ne4 30. Qxc3 Nxc3 31. Ra1 Rc8 32. Ba3 Nb5 33. Rc1 Rd8 34. Be7 Rd7 35. Rc8+ Kh7 36. Bd8 Rd2 37. a4 Nd6 38. Rb8 Ne4 39. Bxa5 Rb2 40. Be1 Nc5 41. Bc3 Rc2 42. Bd4 Nd3 43. e4 Ra2 44. g5 e5 45. Be3 f5 46. gxf6 gxf6 47. Rb7+ Kg8 48. Rd7 Ne1 49. Bh6 f5 50. Rg7+ Kh8 51. Rxg6 f4 52. Rd6 Nf3+ 53. Kg2 Nd2 54. Rd7 Nxe4 55. Kf3 Nd2+ 56. Kg4 Nxb3 57. Bg7+ Kg8 58. Kf5 e4 59. Kg6 Rd2 60. Rb7 Rd6+ 61. Bf6 Rxf6+ 62. Kxf6 Nc5 63. Rg7+ Kh8 64. Rg5 1-0

[Event "Gibraltar Masters 10th"]
[Site "Caleta"]
[Date "2012.01.28"]
[Round "5"]
[White "Adler, Bo"]
[Black "Javakhishvili, Lela"]
[Result "0-1"]
[WhiteElo "2167"]
[BlackElo "2454"]
[PlyCount "88"]
[EventDate "2012.01.24"]
[EventType "swiss"]
[EventRounds "10"]
[EventCountry "GGB"]
[SourceTitle "CBM 147"]
[Source "ChessBase"]
[SourceDate "2012.03.16"]
[SourceVersion "1"]
[SourceVersionDate "2012.03.16"]
[SourceQuality "1"]

1. d4 d5 2. c4 c6 3. Nc3 Nf6 4. e3 e6 5. Qc2 Nbd7 6. Nf3 Bd6 7. Bd2 0-0 8. 0-0-0 b5 9. e4 b4 10. e5 bxc3 11. Bxc3 Be7 12. exf6 Nxf6 13. c5 a5 14. Ne5 Qc7 15. Rd3 Ne4 16. Rh3 Bg5+ 17. Kb1 f6 18. Nf3 e5 19. Nxg5 fxg5 20. Rf3 Bf5 21. Ka1 g4 22. Rxf5 Rxf5 23. Be1 Raf8 24. Bd3 exd4 25. h3 Rh5 26. Bxe4 dxe4 27. Qxe4 Rxc5 28. Bd2 Qe5 29. Qd3 gxh3 30. Rxh3 Qf5 31. Qb3+ Qf7 32. Qd3 Rh5 33. Qxd4 Rxh3 34. gxh3 Qxf2 35. Qc4+ Kh8 36. Bc1 c5 37. a3 Qd4 38. Qe2 c4 39. Qe7 Rd8 40. Bg5 Qd1+ 41. Ka2 Qb3+ 42. Kb1 Rd1+ 43. Bc1 Qd3+ 44. Ka2 h6 0-1